000 00507nam a22001697a 4500
003 OSt
005 20260313150204.0
008 260313b |||||||| |||| 00| 0 eng d
040 _cMRSPTU
041 _aEnglish
100 _aRadhe Sham, Supervisor: Devanand Uttam
245 _aEffect of Roving Hank in Yarn Properties
260 _bDepartment of Textile, MRSPTU, Bathinda
_c2012
650 _aTextile Engineering
856 _uhttp://163.47.215.52:8080/jspui/handle/123456789/1205
942 _2ddc
_cTH
_n0
999 _c11148
_d11148